UM Logo

Corporate governance at the crossroads: (Record no. 2520)

MARC details
000 -LEADER
fixed length control field 00540nam a22001577a 4500
008 - FIXED-LENGTH DATA ELEMENTS--GENERAL INFORMATION
fixed length control field 160516b xxu||||| |||| 00| 0 eng d
020 ## - INTERNATIONAL STANDARD BOOK NUMBER
International Standard Book Number 0-07-295708-5
082 ## - DEWEY DECIMAL CLASSIFICATION NUMBER
Edition number 2005
Classification number DC 658.4
Item number C81
100 ## - MAIN ENTRY--PERSONAL NAME
9 (RLIN) 8326
Personal name Chew, Donald H.
Numeration Jr.
245 ## - TITLE STATEMENT
Title Corporate governance at the crossroads:
Remainder of title a book of readings/
Statement of responsibility, etc. edited by Donald H. Chew, Jr. and Stuart L. Gillan.
260 ## - PUBLICATION, DISTRIBUTION, ETC. (IMPRINT)
Place of publication, distribution, etc. Boston:
Name of publisher, distributor, etc. McGraw-Hill,
Date of publication, distribution, etc. c2005.
300 ## - PHYSICAL DESCRIPTION
Extent xvi, 512 pages;
Dimensions 23 cm.
650 #0 - SUBJECT ADDED ENTRY--TOPICAL TERM
9 (RLIN) 8331
Topical term or geographic name as entry element Corporate governance.
700 ## - ADDED ENTRY--PERSONAL NAME
9 (RLIN) 8328
Personal name Gillan, Stuart L.
942 ## - ADDED ENTRY ELEMENTS (KOHA)
Source of classification or shelving scheme Dewey Decimal Classification
Koha item type Circulation

No items available.